| 000 | 01105nam a22002777a 4500 | ||
|---|---|---|---|
| 001 | BD-DhSAU 9278 | ||
| 003 | BD-DhSAU | ||
| 005 | 20260513122012.0 | ||
| 008 | 260513b2018 bg a|||| m||| 00| 0 eng d | ||
| 040 | _aBD-DhSAU | ||
| 082 |
_222 _a636.085 _bM186 |
||
| 100 |
_aNASRIN _eRegistration # 22010862 |
||
| 245 |
_aEvaluation of cytoplasmic maturation and
developmental competence of cow oocyte followed
by in vitro maturation /
_bMS thesis |
||
| 260 |
_aSher-e-Bangla Agricultural University; _bDepartment of Animal nutrition, genetics and breeding ; _c2024. |
||
| 300 |
_axii, 74p. : _bill. ; _c30 cm. |
||
| 500 | _aMS thesis of Department of Animal nutrition, genetics and breeding ;, ;, Faculty of ASVM. Sher-e-Balgla Agricultural University Dhaka-1207 | ||
| 504 | _aIncludes bibliographical reference. | ||
| 590 | _aNazmul | ||
| 650 | _acytoplasmic maturation | ||
| 650 | _acow oocyte | ||
| 651 | _avitro maturation | ||
| 700 |
_aProf. Dr. Al -Nur Md. Iftekhar Rahman _eSuperviser |
||
| 710 |
_eCo-Superviser _aProf. Dr. Lam Yea Asad |
||
| 942 |
_2ddc _cTHESIS |
||
| 999 |
_c18408 _d18407 |
||